Fogvatartottak reintegrációja, és börtönprogramok hatékonyságának vizsgálata

Bibliográfiai részletek
Szerző: Gecse Laura Andrea
További közreműködők: Hübner Andrea Gabriella
Dokumentumtípus: Diplomadolgozat
Kulcsszavak:büntetés végrehajtási intézet
megelőzés
oktatás
pszichológia
támogatások
Online Access:http://dolgozattar.uni-bge.hu/59681

MARC

LEADER 00000nta a2200000 i 4500
001 dolg59681
005 20260409145419.0
008 260409suuuu hu om 000 hun d
040 |a BGE Dolgozattár Repozitórium  |b hun 
041 |a hu 
100 1 |a Gecse Laura Andrea 
245 1 0 |a Fogvatartottak reintegrációja, és börtönprogramok hatékonyságának vizsgálata  |c Gecse Laura Andrea  |h [elektronikus dokumentum] 
520 3 |a A szakdolgozat a fogvatartottak reintegrációját és a börtönprogramok hatékonyságát vizsgálja a bűnismétlés megelőzése érdekében. Központi kérdése, hogy a büntetés-végrehajtási intézetek biztosítanak-e elegendő pszichológiai támogatást, oktatást és munkalehetőséget az elítéltek számára .A vizsgálat fókuszában a reintegráció gyakorlati megvalósulása és annak hosszú távú hatásai állnak.A dolgozat célja annak bemutatása, hogy ezek az eszközök miként segíthetik elő a sikeres társadalmi visszaintegrálódást és beilleszkedést. 
695 |a büntetés végrehajtási intézet 
695 |a megelőzés 
695 |a oktatás 
695 |a pszichológia 
695 |a támogatások 
700 1 |a Hübner Andrea Gabriella  |e ths 
856 4 0 |u http://dolgozattar.uni-bge.hu/59681/1/Fogvatartottak%20reintegr%C3%A1ci%C3%B3ja%2C%20%C3%A9s%20b%C3%B6rt%C3%B6nprogramok%20hat%C3%A9konys%C3%A1g%C3%A1nak%20vizsg%C3%A1lata-%20Gecse%20Laura%20Andrea.pdf  |z Dokumentum-elérés 
856 4 0 |u http://dolgozattar.uni-bge.hu/59681/2/Gecse%20Laura%20b%C3%ADr%C3%A1lat%20Farkas.pdf  |z Dokumentum-elérés 
856 4 0 |u http://dolgozattar.uni-bge.hu/59681/3/Gecse%20Laura.pdf  |z Dokumentum-elérés